000 00873nam a2200277Ia 4500
003 OSt
005 20220926000906.0
006 a|||||r|||| 00| 0
007 ta
008 220923b |||||||| |||| 00| 0 eng d
020 _a9788126532063
_c585.64999999999998
037 _bRKBA\09-10\5429, 20/02/2015, RAJKIRAN BOOK AGENCY
_cGeneral Book
040 _aRTL
_cRTL
_beng
041 _2eng
_aeng
082 _aX:71, P8;Q1
100 _aBESANKO David A.
245 0 _aMicroeconomics
250 _a4th
260 _a New Delhi
_bJohn Wiley
_c2011
300 _axxvii, 792p
_ccm.
500 _aBibliography chapterwise
650 _aCommerce
700 _a BRAEUTIGAM Ronald R.
_9244139
942 _hX:71, P8;Q1
_cGB
_2CC
999 _c599979
_d599979